Middle East Flags Map Quiz - Statistics

General Stats
  • This quiz has been taken 1,314 times
  • The average score is 13 of 16
Answers on the Map
Answers color-coded by a green-red scale on the quiz's map according to % correct below.
 
Answer Stats
Answer % Correct
94%
94%
92%
91%
86%
84%
83%
80%
78%
76%
74%
73%
73%
70%
68%
66%
No matching quizzes found
Score Distribution
Percent of People with Each Score
Percentile by Number Answered
Your Score History
You have not taken this quiz